Southville International School and Colleges
Your cart is empty.
  • Cart
  • Lists
    Public lists Eva Luna New books Lux_list list_1
    Your lists Log in to create your own lists
  • Log in to your account
  • Your cookies
  • Search history
Southville International School and Colleges
  • Advanced search
  • Recent comments
  • Most popular
  • Libraries

Log in to your account

Log in with GOOGLE


If you do not have an external account, but do have a local account, you can still log in:

  1. Home
  2. MARC view: IB chemistry : standard level
Normal view MARC view ISBD view

IB chemistry : standard level (Record no. 3063)

[ view plain ]
MARC details
000 -LEADER
fixed length control field 00577nam a22002057a 4500
003 - CONTROL NUMBER IDENTIFIER
control field OSt
005 - DATE AND TIME OF LATEST TRANSACTION
control field 20151216103616.0
008 - FIXED-LENGTH DATA ELEMENTS--GENERAL INFORMATION
fixed length control field 130625t xxu||||| |||| 00| 0 eng d
020 ## - INTERNATIONAL STANDARD BOOK NUMBER
International Standard Book Number 1904534007
050 ## - LIBRARY OF CONGRESS CALL NUMBER
Classification number QD 40
Item number .B877 2003
082 ## - DEWEY DECIMAL CLASSIFICATION NUMBER
Classification number IB 510.0702
Item number B81 2003
100 ## - MAIN ENTRY--PERSONAL NAME
Personal name Brown, Tony
245 ## - TITLE STATEMENT
Title IB chemistry : standard level
Remainder of title revision guide : the final chapter
Statement of responsibility, etc Tony Brown
250 ## - EDITION STATEMENT
Edition statement 2nd ed.
260 ## - PUBLICATION, DISTRIBUTION, ETC. (IMPRINT)
Place of publication, distribution, etc UK;
Name of publisher, distributor, etc Oxford Study Courses Limited;
Date of publication, distribution, etc 2003;
300 ## - PHYSICAL DESCRIPTION
Extent 50 p. ;
Other physical details ill. ;
Dimensions 30 cm. :
562 ## - COPY AND VERSION IDENTIFICATION NOTE
Number of copies 1
942 ## - ADDED ENTRY ELEMENTS (KOHA)
Source of classification or shelving scheme Library of Congress Classification
Koha item type Books
Edition 2nd ed.
Holdings
Withdrawn status Lost status Source of classification or shelving scheme Damaged status Home library Current library Shelving location Date acquired Total Checkouts Full call number Barcode Date last seen Copy number Price effective from Koha item type
    Library of Congress Classification   Luxembourg Library Luxembourg Library International Baccalaureate Section 06/25/2013   QD 40 .B877 2003 14117 08/13/2013 13597 06/25/2013 Books

IB chemistry : standard level

APA

Brown T., . (2003). IB chemistry : standard level. UK: Oxford Study Courses Limited.

Chicago

Brown Tony, . 2003. IB chemistry : standard level. UK: Oxford Study Courses Limited.

Harvard

Brown T., . (2003). IB chemistry : standard level. UK: Oxford Study Courses Limited.

MLA

Brown Tony, . IB chemistry : standard level. UK: Oxford Study Courses Limited. 2003.

  • Place hold
  • Print
  • Cite
  • Add to your cart (remove)
  • Save record
    BIBTEX Dublin Core MARCXML MARC (non-Unicode/MARC-8) MARC (Unicode/UTF-8) MARC (Unicode/UTF-8, Standard) MODS (XML) RIS
  • More searches
    Search for this title in:
    Other Libraries (WorldCat) Other Databases (Google Scholar) Online Stores (Bookfinder.com) Open Library (openlibrary.org)

Exporting to Dublin Core...

SOUTHVILLE LIBRARY

Southville International School and Colleges Library

1281 Tropical Ave. Cor. Luxembourg St., BF Homes International, Las Pinas City

Tel. No. 8256374 / 252358 Loc. 117/146

Powered by Koha